000 01160nam a22003257i 4500
999 _c64029
_d64029
001 768714001
003 CO-MdFUSB
005 20180622170748.0
008 170913t2015 es ||||| |||| 00| 0 spa d
020 _a9789508939005
040 _aCO-MdFUSB
_bspa
_cCO-MdFUSB
_dCO-MdFUSBC
_erda
041 _aspa
082 _223
_a576.82
_bAS861e
100 _aAsúa, Miguel de
_eautor
245 1 3 _aLa evolución de la vida en la tierra
_b: ciencia, filosofía y religión
_c/ Miguel de Asúa
264 1 _aPilar (Argentina) :
_bUniversidad Austral ;
_aRosario (Argentina) :
_bLogos
_c[2015]
264 4 _c©2015
300 _a334 páginas :
_c20 cm.
_b:
336 _2rdacontent
_a1
_ba1
337 _2rdamedia
_a2
_b5
338 _2rdacarrier
_a2
_b5
490 _aColección de las ciencias a la filosofía
504 _aIncluye referencias bibliográficas. Páginas 317-334
505 _aMicroevolución -- Especiación y macroevolución -- Cuestiones disputadas -- Evolucionismo polémico -- Teología de la evolución.
563 _aRústico.
650 7 _9252
_aCreacionismo
653 _aEvolución
653 _aTeoría de la evolución
942 _cBK